Länder, die im 2. Weltkrieg beteiligt waren - Statistiken

Allgemein
  • Dieses Quiz wurde 88 mal gespielt
  • Das Durchschnittsergebnis liegt bei 25 aus 32
Antworten auf der Karte
Die Antworten werden auf der Karte rot bzw. grün angezeigt, abhängig davon wie oft sie richtig erraten wurden.
 
Antwortstatistiken
Antwort % Korrekt
Frankreich
100%
Vereinigte Staaten
100%
Königreich Italien
99%
Vereinigtes Königreich
99%
Deutsches Reich
98%
Japan
98%
Polen
98%
Belgien
95%
China
95%
Finnland
95%
Kanada
95%
Niederlande
94%
Norwegen
93%
Sowjetunion
91%
Australien
89%
Britisch-Indien
85%
Brasilien
84%
Mexiko
84%
Griechenland
83%
Ungarn
81%
Rumänien
76%
Bulgarien
75%
Luxemburg
66%
Neuseeland
66%
Südafrikanische Union
65%
Jugoslawien
64%
Thailand
56%
Persien
50%
Irak
48%
Slowakei (Satellitenstaat)
48%
Philippinen
41%
Äthiopien
19%
Keine übereinstimmenden Quizze gefunden
Verteilung der Resultate
Anzahl Personen mit jedem Resultat
Perzentil nach korrekt beantworteten Fragen
Ihre Resultats-Entwicklung
Sie haben dieses Quiz noch nicht gespielt